LEADER 01928nam0 22004213i 450 001 UFI0034844 005 20231121125903.0 020 $aIT$b697075 020 $aIT$b735893 100 $a20131025d1972 ||||0itac50 ba 101 | $aita$afre$aeng 102 $ait 181 1$6z01$ai $bxxxe 182 1$6z01$an 200 1 $a˜La œgrammatica, la lessicologia$eatti del primo e del secondo Convegno internazionale di studi$eRoma, 27-28 maggio 1967 e 27-28 aprile 1968$fSLI, Societa di linguistica italiana$ga cura di Francesco Agostini, Raffaele Simone e Ugo Vignuzzi 205 $a2. ed 210 $aRoma$cBulzoni$d1972 215 $aX, 187 p.$d22 cm. 225 | $aPubblicazioni della Società di linguistica italiana$v1 410 0$1001CFI0044777$12001 $aPubblicazioni della Società di linguistica italiana$v1$171202$aSocietà di linguistica italiana$3CFIV000982 606 $aGrammatica$xCongressi$xRoma$x1967$2FIR$3UFIC008296$9I 606 $aGrammatica$xCongressi$xRoma$x1968$2FIR$3UFIC008298$9I 606 $aLingua italiana$xGrammatica$2FIR$3RMLC000349$9N 676 $a415$9$v21 702 1$aSimone$b, Raffaele$3CFIV019608 702 1$aVignuzzi$b, Ugo$3CFIV051424 702 1$aAgostini$b, Francesco$c $3IEIV217276 710 02$aSocietà di linguistica italiana$3CFIV000982$4070$0330439 791 02$aSLI$3CFIV136316$zSocietà di linguistica italiana 801 3$aIT$bIT-01$c20131025 850 $aIT-RM028 $aIT-FR0017 899 $aBiblioteca Universitaria Alessandrina$bRM028 899 $aBiblioteca umanistica Giorgio Aprea$bFR0017 $eN 912 $aUFI0034844 950 0$aBiblioteca umanistica Giorgio Aprea$d 52DFAG G 13$e 52SBA0000062075 VMB RS $fA $h20140403$i20140403 977 $a 01$a 52 996 $aGrammatica, la lessicologia$9134321 997 $aUNICAS